| 000 | 02786cam a2200385 i 4500 | ||
|---|---|---|---|
| 001 | 20636333 | ||
| 003 | NUST | ||
| 005 | 20220828190704.0 | ||
| 008 | 180809s2019 nyua b 001 0 eng c | ||
| 010 | _a 2018026977 | ||
| 020 |
_a9780393644470 _q(pbk.) |
||
| 020 |
_a9780393673913 _q(pbk.) |
||
| 038 | _aAzhar | ||
| 040 |
_aLBSOR/DLC _beng _erda _cLBSOR |
||
| 042 | _apcc | ||
| 050 | 0 | 0 |
_aBF713 _b.G75 2019 |
| 082 | 0 | 0 |
_a155 _223 _bGRI |
| 100 | 1 |
_aGrison, Sarah, _eauthor. _994812 |
|
| 245 | 1 | 0 |
_aPsychology in your life _cSarah Grison, Parkland College, Michael S. Gazzaniga, University of California, Santa Barbara. |
| 250 | _aThird edition. | ||
| 260 |
_aNew York : _bW. W. Norton & Company, _c2019 |
||
| 300 |
_axxxl, 635 p _bcolor illustrations ; _c28 cm |
||
| 336 |
_atext _2rdacontent |
||
| 337 |
_aunmediated _2rdamedia |
||
| 338 |
_avolume _2rdacarrier |
||
| 504 | _aIncludes bibliographical references and index. | ||
| 505 | 0 | _aIntroducing the world of psychology : why is psychology important to you? -- The role of biology in psychology : how do our nervous systems affect thinking and behavior? -- Consciousness : what does it mean to be conscious? -- Development across the life span : how do we develop in the womb? -- Sensation and perception : how do sensation and perception affect us? -- Learning : what are the three ways we learn? -- Memory : how do we acquire memories? -- Thinking and intelligence : what is thinking? -- Motivation and emotion : what motivates our behavior? -- Sex, gender, and sexuality : how does biology make us male or female? -- Health and well-being : what affects our health? -- Social psychology : how do we think about other people? -- Self and personality : how do we know ourselves? -- Psychological disorders : what is a psychological disorder? -- Psychological treatments : how are psychological disorders treated? | |
| 520 |
_a"Makes science accessible at all levels by showing how psychology is relevant to students' everyday lives. Author Sarah Grison--an expert in the teaching of introductory psychology--has created a print and digital package with an equal commitment to the success of every instructor and student. A strong, author-driven support package--rich with original media, a test bank, Active Learning slides, and InQuizitive adaptive learning modules--provides instructors with everything they need to help today's students understand and apply introductory psychology"-- _cProvided by publisher. |
||
| 650 | 0 | _aDevelopmental psychology. | |
| 650 | 0 | _aPsychology. | |
| 700 | 1 |
_aGazzaniga, Michael S., _eauthor. _994813 |
|
| 906 |
_a7 _bcbc _corignew _d1 _eecip _f20 _gy-gencatlg |
||
| 942 |
_2ddc _cLC |
||
| 999 |
_c590564 _d590564 |
||